00464nam a2200157 a 450000500170000000800410001705000230005810000250008124500650010626000440017130000310021550000200024652000060026665000160027265000180028820140414131957.0090126s19uu xx 00 eng d aTR 597.9bP54 2006 aPhillips, Dee, 1967- aMy first book of reptiles and amphibians /cby Dee Phillips. aMinnetonka, MN :bTwo-Can Pub.,cc2006. a96 p. : col. ill. ; 29 cm. aIncludes index. a  aReptilesx  aAmphibiansx